| 000 | 00479nam a2200181Ia 4500 | ||
|---|---|---|---|
| 001 | 22995 | ||
| 005 | 20260414150908.0 | ||
| 008 | 260414t2006||||xx |||||||||||||| ||spa|| | ||
| 041 | _aESP | ||
| 082 |
_a624.1762 _bCH574 |
||
| 100 |
_aChristopoulos, Constantin _eAUT |
||
| 245 | 0 |
_aPrinciples of passive supplemental damping and seismic isolation _b |
|
| 260 | _c2006 | ||
| 300 |
_axviii, 480 páginas : _c25 cm. |
||
| 650 | _a0 | ||
| 654 | _aCIC | ||
| 942 |
_cLIB _dJUS _fJUS _2ddc _n |
||
| 999 |
_c22995 _d22995 |
||